Readings for nursing research / (Record no. 6678)

MARC details
000 -LEADER
fixed length control field 00842pam a2200289 i 4500
001 - CONTROL NUMBER
control field 882176
003 - CONTROL NUMBER IDENTIFIER
control field mut
005 - DATE AND TIME OF LATEST TRANSACTION
control field 20240606081021.0
008 - FIXED-LENGTH DATA ELEMENTS--GENERAL INFORMATION
fixed length control field 800612s1981 mnua b 001 0 eng
010 ## - LIBRARY OF CONGRESS CONTROL NUMBER
LC control number 80018125
020 ## - INTERNATIONAL STANDARD BOOK NUMBER
International Standard Book Number 0801627478
040 ## - CATALOGING SOURCE
Original cataloging agency DLC
Transcribing agency DLC
Modifying agency DLC
050 00 - LIBRARY OF CONGRESS CALL NUMBER
Classification number RT81.5
Item number .R4 1981
060 ## - NATIONAL LIBRARY OF MEDICINE CALL NUMBER
Classification number WY20.5 R287
082 00 - DEWEY DECIMAL CLASSIFICATION NUMBER
Classification number 610.73/072
245 00 - TITLE STATEMENT
Title Readings for nursing research /
260 ## - PUBLICATION, DISTRIBUTION, ETC.
Place of publication, distribution, etc. St. Louis :
Name of publisher, distributor, etc. C. V. Mosby Co.,
Date of publication, distribution, etc. 1981.
300 ## - PHYSICAL DESCRIPTION
Extent xii, 285 p. :
Other physical details ill. ;
Dimensions 28 cm.
504 ## - BIBLIOGRAPHY, ETC. NOTE
Bibliography, etc. note Includes bibliographies and index.
650 #0 - SUBJECT ADDED ENTRY--TOPICAL TERM
Topical term or geographic name entry element Nursing
General subdivision Research.
650 #2 - SUBJECT ADDED ENTRY--TOPICAL TERM
Topical term or geographic name entry element Nursing.
650 #2 - SUBJECT ADDED ENTRY--TOPICAL TERM
Topical term or geographic name entry element Research.
700 1# - ADDED ENTRY--PERSONAL NAME
Personal name Krampitz, Sydney Diane.
700 1# - ADDED ENTRY--PERSONAL NAME
Personal name Pavlovich, Natalie,
Dates associated with a name 1940-
906 ## - LOCAL DATA ELEMENT F, LDF (RLIN)
a 7
b cbc
c orignew
d u
e ocip
f 19
g y-gencatlg
942 ## - ADDED ENTRY ELEMENTS (KOHA)
Source of classification or shelving scheme Library of Congress Classification
Koha item type Books
Holdings
Withdrawn status Lost status Source of classification or shelving scheme Damaged status Not for loan Home library Current library Date acquired Total checkouts Full call number Barcode Date last seen Price effective from Koha item type
    Library of Congress Classification     Murang'a University of Technology Library Murang'a University of Technology Library 28/03/2017   RT81.5 .R4 1981 007667 30/08/2024 28/03/2017 Books